Kansas City Chiefs Quiz - Statistics

General Stats
  • This quiz has been taken 54 times
  • The average score is 8 of 13
Answer Stats
Hints Answers % Correct
What is the name of the Chiefs QB who helped the Chiefs win there first Super Bowl Len Dawson
88%
Who did the Chiefs beat in there first ever super bowl victory Minnesota Vikings
88%
Most Carrer Rushing Yards in Franchise History Jamaal Charles
73%
What is the name of the running back the Kansas city Chiefs drafted #251 who has helped them go back to back Isiah Pacheco
70%
Who is the only original Legion Of Zoom Member still on the Chiefs Roster Mecole Hardman
68%
Who is the superstar defensive end known for hating Patrick Mahomes Maxx Crosby
65%
Who did the Chiefs trade up with to draft Patrick Mahomes in 2017 Buffalo Bills
60%
Which Chiefs Legend is known as the Nigerian Nightmare Christian Okoye
60%
What Year did Arrowhead Stadium Open 1972
45%
What was the Chiefs original team name Dallas Texans
45%
What was the number of decibels the KC Chiefs had when they set the record (Hint its 140 something and its a decimal) 142.2
40%
Only Member Of the Original Legion of Zoom not on a NFL team anymore Sammy Watkins
38%
What is the name of Patrick Mahomes First Born Bronze
28%
No matching quizzes found
Score Distribution
Percent of People with Each Score
Percentile by Number Answered
Your Score History
You have not taken this quiz